000 00493nam a2200181 a 4500
005 20241211063735.0
008 040512s1992 mx r 000 0 spa d
020 _a0415064155
035 _aUPN01000133410
049 _aCG
050 4 _aLB2331
_bR3.4
100 1 _aRamsden, Paul
245 1 0 _aLearning to teach in higher education /
_cPaul Ramsden.
260 _aNew York :
_bRoutledge falmer,
_c1992.
300 _a290 p.
650 4 _aEnseƱanza universitaria
_913570
905 _aLibro
999 _c105561
_d105561